| 000 | 00506nam a2200217Ia 4500 | ||
|---|---|---|---|
| 008 | 170918s9999 xx 000 0 und d | ||
| 020 | _a9780545299800 | ||
| 050 | _bP739 2011 | ||
| 100 | _aPoblocki, Dan | ||
| 245 | _aHauntings and heists / | ||
| 245 | _cDan Poblocki. | ||
| 260 | _aNew York : | ||
| 260 | _bScholastic, | ||
| 260 | _c2011 | ||
| 300 | _a160 pages : | ||
| 300 | _bcolored illustration ; | ||
| 300 | _c19cm. | ||
| 440 | _aThe mysterious four ; | ||
| 440 | _v1 | ||
| 500 | _a770 | ||
| 999 |
_c342011 _d342011 |
||